Geology and ground-water resources of the York-James Peninsula, Virginia / (Record no. 29152)

MARC details
000 -LEADER
fixed length control field 01202cam a22003131a 4500
001 - CONTROL NUMBER
control field gs 57000171
003 - CONTROL NUMBER IDENTIFIER
control field DLC
005 - DATE AND TIME OF LATEST TRANSACTION
control field 20260227111405.0
008 - FIXED-LENGTH DATA ELEMENTS--GENERAL INFORMATION
fixed length control field 820331s1957 dcuabf b f001 0 eng c
010 ## - LIBRARY OF CONGRESS CONTROL NUMBER
LC control number gs 57000171
035 ## - SYSTEM CONTROL NUMBER
System control number (OCoLC)8295030
040 ## - CATALOGING SOURCE
Original cataloging agency U.S. Geol. Survey. Libr.
Transcribing agency Vi
Modifying agency Vi
-- DNAL
-- OCoLC
-- DLC
042 ## - AUTHENTICATION CODE
Authentication code premarc
050 00 - LIBRARY OF CONGRESS CALL NUMBER
Classification number TX801
Item number .U2 no. 1361
070 0# - NATIONAL AGRICULTURAL LIBRARY CALL NUMBER
Classification number 407
Item number G29W no.1361
082 ## - DEWEY DECIMAL CLASSIFICATION NUMBER
Classification number 551.49
086 0# - GOVERNMENT DOCUMENT CLASSIFICATION NUMBER
Classification number I 19.13:no.1361
100 1# - MAIN ENTRY--PERSONAL NAME
Personal name Cederstrom, D. J.
Fuller form of name (Dagfin John),
Dates associated with a name 1908-1997.
245 10 - TITLE STATEMENT
Title Geology and ground-water resources of the York-James Peninsula, Virginia /
Statement of responsibility, etc. by D.J. Cederstrom.
260 ## - PUBLICATION, DISTRIBUTION, ETC.
Place of publication, distribution, etc. Washington, D.C. :
Name of publisher, distributor, etc. U.S. G.P.O.,
Date of publication, distribution, etc. 1957.
300 ## - PHYSICAL DESCRIPTION
Extent vii, 237 p., [7] folded leaves, [1] p. of plates :
Other physical details ill., maps ;
Dimensions 24 cm.
440 #0 - SERIES STATEMENT/ADDED ENTRY--TITLE
Title Geological Survey water-supply paper ;
Volume/sequential designation 1361
500 ## - GENERAL NOTE
General note "Prepared in cooperation with the Division of Geology, Virginia Dept. of Conservation and Development."
504 ## - BIBLIOGRAPHY, ETC. NOTE
Bibliography, etc. note Bibliography: p. 232-233.
500 ## - GENERAL NOTE
General note Includes index.
650 #0 - SUBJECT ADDED ENTRY--TOPICAL TERM
Topical term or geographic name entry element Geology
Geographic subdivision Virginia
-- Virginia Peninsula.
650 #0 - SUBJECT ADDED ENTRY--TOPICAL TERM
Topical term or geographic name entry element Water-supply
Geographic subdivision Virginia
-- Virginia Peninsula.
650 #0 - SUBJECT ADDED ENTRY--TOPICAL TERM
Topical term or geographic name entry element Groundwater
Geographic subdivision Virginia
-- Virginia Peninsula.

No items available.

Powered by Koha